¿ Sobrevivirá unido el sandinismo?: horas decisivas para un partido en crisis . A las puerstas del Congreso del FSLN /
保存先:
| 第一著者: | |
|---|---|
| フォーマット: | テキスト |
| タグ: |
タグ追加
タグなし, このレコードへの初めてのタグを付けませんか!
|
MARC
| LEADER | 00000 a a2200000 04500 | ||
|---|---|---|---|
| 001 | 1249 | ||
| 003 | |||
| 040 | |||
| 100 | |a Ferrari, Sergio | ||
| 245 | |a ¿ Sobrevivirá unido el sandinismo?: |b horas decisivas para un partido en crisis . A las puerstas del Congreso del FSLN / |c Sergio Ferrari | ||
| 773 | |g número 105; páginas 23-24 | ||
| 999 | |c 30851 |d 30851 | ||
